Dwight Howard Trivia - Statistics

General Stats
  • This quiz has been taken 142 times
    109 since last reset
  • The average score is 12 of 15
Answer Stats
Hint Answer % Correct
What pick was he in the draft? 1
98%
Former NBA Teams? Orlando Magic
94%
Position? Center
93%
What year was he drafted? 2004
92%
How many times has he been the season rebounding leader? 5
89%
Which year did he make the NBA Finals? 2009
87%
Los Angeles Lakers
87%
Which Olympics did he win gold? Beijing 2008
83%
Current NBA team? Atlanta Hawks
82%
Year of Birth? 1985
80%
Houston Rockets
79%
His nickname? Superman
76%
Jersey Number? 8
75%
What city is he from? Atlanta
62%
What state is he from? Georgia
54%
No matching quizzes found
Score Distribution
Percent of People with Each Score
Percentile by Number Answered
Your Score History
You have not taken this quiz since the last reset